000 00732nam a2200277Ia 4500
001 24257
005 20240114000758.0
007 ta
008 060407s1978 g b000 u 465 u
020 _a0-333-24008-1
040 _aCotton College,Assam
041 _a465
082 _a338.91
_bWa 349 ec
100 _aWatts, Nita G.M. .
245 0 _aEconomic Relations Between East and West /
_cNita G.M. Watts.
_hTextual Documents
250 _a1st ed. /
260 _aLondon :
_bMacmillan Press ,
_c1978.
300 _aix,246p. ;
_c22cm.
504 _aIndex
653 _aEconomics
653 _aG-Economics
653 _aInternational Economics
942 _2ddc
_cBK
999 _c24239
_d24239